| 000 | 00853nam a2200205 i 4500 | ||
|---|---|---|---|
| 001 | 163040 | ||
| 003 | ES-MaACL | ||
| 005 | 20230906212646.0 | ||
| 008 | 961024s1851 sp a |||| | spa d | ||
| 245 | 0 | 0 | _aNoticia de la Real Academia de la Historia o resumen de sus actas de 1850. |
| 260 |
_aMadrid : _b[s.n.], _c1851 ( _fImp. de la Real Academia de la Historia, a cargo de José Rodríguez) |
||
| 300 |
_a52 p., [1] h. de lám. ; _c21 cm. |
||
| 594 | _aTexto firmado por Pedro Sabau | ||
| 597 | _aSignaturizado. | ||
| 599 | _aPort. con esc. tip. real. | ||
| 599 | _aLám.: litografía representando monedas, "Lit. de F. Craus, Madrid" | ||
| 610 | 2 | 4 |
_aReal Academia de la Historia (España) _96309 |
| 700 | 1 |
_aSabau y Larroya, Pedro ( _d1807-1879) _9101196 |
|
| 852 | 4 |
_aES-MaACL _jT-25-F-2 _z- Enc. hol. _z- Enc. en un vol. facticio |
|
| 999 |
_c163040 _d163040 |
||